00686 2200253 4500001002100000005001700021008004100038035002400079082001000103090001700113100002400130245008100154250001100235260002600246300002500272500002500297650003400322700001800356700001000374850001200384980001500396985000600411999001500417YOGYA-0209000004897720090227032152.0 ind  0010-020900000048977 a796.4 a796.4bBow P aBOWERMAN, William J aPenuntun lari sehatcWilliam J. Bowerman, W.E. Harris MD ; penerjemah, Frans aCet. 1 aBandungbApolloc1979 a198 hlmbilusc18 cm aJudul asli : Jogging aolah ragaxPendidikan Jasmani aHarris MD, We aFrans aYOPDYOG a18-10-2007 a1 aP000008027